000 00614nam a22001457a 4500
020 _a978-81-7223-481-2
082 _a823
_bSHE/S
100 _aSHELDON,SIDNEY
245 _aA STRANGER IN THE MIRROR
260 _aLONDON
_bHARPPER COLLINS PUBLISHERS
300 _a348
520 _aThe novel tells the life story of two fictitious Hollywood celebrities - Toby Temple and Jill Castle (roman à clef on Sheldon's acquaintances Groucho Marx and Erin Fleming) and portrays the emotional extremes of success and failure and how people inevitably become victims of time.
650 _aENGLISH NOVEL
_zLONDON
942 _cBK
999 _c3457
_d3457